=LDR 00000nam 2200000 4500 =001 INLIS000000000000774 =005 20130612085214 =008 ***********************************Ind** =035 ##$$0010-061300000000774 =041 ##$$a Ind =082 ##$$a 92(Suharso) =090 ##$$a 92(Suharso), Pol-p =100 ##$$a Poliman =245 ##$$a Prof. Dr. R. Suharso, Poliman =260 ##$$a 1982 $b Jakarta =300 ##$$a 187 hlm, ilus, 21 cm =650 ##$$a Suharso, R =850 ##$$a NBPNMAT